00370nam a2200169Ia 4500008004000000041000800040082001200048100001100060245002800071260004200099650000900141650001100150650000700161650000900168650000800177700001500185210210b1964 xxu||||| |||| 00| 0 eng d aeng a822/878 aMUNSHI aWhat life has taught me aBombaybBharathiya Vidya Bhawanc1964 aWhat ataught ame alife ahas aDIWAKAR Ed